[Event "66th Hastings it"]
[Site "Hastings ENG"]
[Date "1990.12.29"]
[Round "2"]
[White "Kosten, Anthony Cornelius"]
[WhiteTitle "GM"]
[WhiteElo "2510"]
[Black "Olafsson, Helgi"]
[BlackTitle "GM"]
[BlackElo "2595"]
[Result "1/2-1/2"]
[PlyCount "56"]
[EventDate "1990.12.28"]

1. e4 c5 2. f4 g6 3. d4 Bg7 4. d5 d6 5. Nc3 e6 6. dxe6 Bxc3+ 7. bxc3 Bxe6 8.
Nf3 Nc6 9. Bd3 Qd7 10. f5 gxf5 11. exf5 Bd5 12. O-O O-O-O 13. Bb5 a6 14. Be2
Bxf3 15. Bxf3 Ne5 16. f6 Nxf6 17. Bg5 Nfg4 18. Be4 Rhg8 19. Bf5 Rxg5 20. Bxd7+
Rxd7 21. Qd2 h6 22. Qe2 f5 23. Rad1 Kc7 24. Rd5 Re7 25. h4 Rgg7 26. Rd2 Rgf7
27. g3 h5 28. Rdd1 Rf6 1/2-1/2

[Event "66th Hastings it"]
[Site "Hastings ENG"]
[Date "1990.12.31"]
[Round "4"]
[White "Chandler, Murray Graham"]
[WhiteTitle "GM"]
[WhiteElo "2560"]
[Black "King, Daniel John"]
[BlackTitle "GM"]
[BlackElo "2560"]
[Result "1-0"]
[PlyCount "57"]
[EventDate "1990.12.28"]

1. e4 e6 2. d4 d5 3. Nc3 Nf6 4. Bg5 Bb4 5. exd5 Qxd5 6. Bxf6 gxf6 7. Nge2 Nc6
8. a3 Bxc3+ 9. Nxc3 Qxd4 10. Qxd4 Nxd4 11. O-O-O c5 12. Ne4 b6 13. c3 Nf5 14.
g4 Nh4 15. Nxf6+ Ke7 16. g5 h6 17. f4 Rb8 18. Bb5 hxg5 19. fxg5 Nf3 20. h4 Nxh4
21. Ng4 Bb7 22. Rd7+ Kf8 23. Rf1 Nf5 24. Ne5 Rh2 25. Rxf7+ Kg8 26. g6 Kh8 27.
Bd3 Bg2 28. Rg1 Ng7 29. Rf2 1-0

[Event "66th Hastings it"]
[Site "Hastings ENG"]
[Date "1990.12.31"]
[Round "4"]
[White "Kosten, Anthony Cornelius"]
[WhiteTitle "GM"]
[WhiteElo "2510"]
[Black "Larsen, Bent"]
[BlackTitle "GM"]
[BlackElo "2545"]
[Result "1-0"]
[PlyCount "75"]
[EventDate "1990.12.28"]

1. e4 e5 2. Nf3 Nc6 3. Bb5 a6 4. Ba4 Nf6 5. O-O Be7 6. Re1 b5 7. Bb3 d6 8. c3
Na5 9. Bc2 c5 10. d3 O-O 11. Nbd2 Re8 12. Nf1 Bf8 13. h3 h6 14. Ng3 Nc6 15. d4
cxd4 16. cxd4 Nxd4 17. Nxd4 exd4 18. b3 Bb7 19. Bb2 d5 20. e5 Ne4 21. Bxd4 Qh4
22. Re3 Rac8 23. Nxe4 dxe4 24. Qe2 Ba3 25. Rd1 Ba8 26. Rg3 h5 27. Re3 Red8 28.
b4 Bxb4 29. Bb3 Be7 30. e6 f5 31. Bb2 Kh7 32. Rg3 g6 33. Rd7 f4 34. Rc3 Rxd7
35. Rxc8 Rd8 36. Rxd8 Bxd8 37. Qd2 Be7 38. Qd4 1-0

[Event "66th Hastings it"]
[Site "Hastings ENG"]
[Date "1990.12.31"]
[Round "4"]
[White "Olafsson, Helgi"]
[WhiteTitle "GM"]
[WhiteElo "2595"]
[Black "Sax, Gyula"]
[BlackTitle "GM"]
[BlackElo "2600"]
[Result "1/2-1/2"]
[PlyCount "34"]
[EventDate "1990.12.28"]

1. d4 Nf6 2. c4 e6 3. Nf3 b6 4. g3 Ba6 5. b3 Bb4+ 6. Bd2 Be7 7. Bg2 c6 8. O-O
d5 9. Ne5 Nfd7 10. Nxd7 Nxd7 11. Bc3 O-O 12. Nd2 b5 13. c5 e5 14. b4 e4 15. f3
f5 16. fxe4 fxe4 17. Nb3 Bg5 1/2-1/2

[Event "66th Hastings it"]
[Site "Hastings ENG"]
[Date "1991.01.02"]
[Round "5"]
[White "King, Daniel John"]
[WhiteTitle "GM"]
[WhiteElo "2560"]
[Black "Kosten, Anthony Cornelius"]
[BlackTitle "GM"]
[BlackElo "2510"]
[Result "1/2-1/2"]
[PlyCount "66"]
[EventDate "1990.12.28"]

1. c4 Nf6 2. Nc3 e5 3. Nf3 Nc6 4. e3 Bb4 5. Qc2 Bxc3 6. bxc3 O-O 7. d3 d6 8.
Be2 Qe7 9. Nd2 Ng4 10. e4 f5 11. Bxg4 fxg4 12. Nf1 Be6 13. Ne3 a6 14. a4 a5 15.
Nd5 Qd7 16. Be3 Ne7 17. O-O Ng6 18. d4 Rae8 19. Rab1 b6 20. c5 exd4 21. cxd4
Bxd5 22. exd5 Ne7 23. cxb6 cxb6 24. Rxb6 Nxd5 25. Qb3 Rf5 26. Bd2 h5 27. Rb5
Qf7 28. Qd3 Rf8 29. f3 h4 30. Qe4 h3 31. Qxg4 hxg2 32. Kxg2 Rf6 33. Kh1 Nf4
1/2-1/2

[Event "66th Hastings it"]
[Site "Hastings ENG"]
[Date "1991.01.02"]
[Round "5"]
[White "Larsen, Bent"]
[WhiteTitle "GM"]
[WhiteElo "2545"]
[Black "Olafsson, Helgi"]
[BlackTitle "GM"]
[BlackElo "2595"]
[Result "1/2-1/2"]
[PlyCount "78"]
[EventDate "1990.12.28"]

1. c4 Nf6 2. Nc3 e5 3. Nf3 Nc6 4. g3 Bb4 5. Bg2 O-O 6. O-O e4 7. Ng5 Bxc3 8.
bxc3 Re8 9. f3 exf3 10. Nxf3 d5 11. d4 Ne4 12. Qc2 Bf5 13. Nh4 Bg6 14. Nxg6
hxg6 15. Rb1 Na5 16. cxd5 Qxd5 17. Bf4 Nc4 18. Qd3 f5 19. Bxc7 Rac8 20. Bf4 Re6
21. Rb4 b6 22. a4 a6 23. g4 Rec6 24. Bg3 Re8 25. h4 b5 26. axb5 axb5 27. h5 Qd7
28. gxf5 gxf5 29. Rxb5 Ncd2 30. Rc1 Rh6 31. Bf4 Rxh5 32. c4 Qd8 33. Bxd2 Qh4
34. Be3 Qh2+ 35. Kf1 Ng3+ 36. Kf2 Ne4+ 37. Kf1 Ng3+ 38. Kf2 Ne4+ 39. Kf1 Ng3+
1/2-1/2

[Event "66th Hastings it"]
[Site "Hastings ENG"]
[Date "1991.01.03"]
[Round "6"]
[White "Chandler, Murray Graham"]
[WhiteTitle "GM"]
[WhiteElo "2560"]
[Black "Kosten, Anthony Cornelius"]
[BlackTitle "GM"]
[BlackElo "2510"]
[Result "1/2-1/2"]
[PlyCount "104"]
[EventDate "1990.12.28"]

1. e4 e6 2. d4 d5 3. Nc3 Nf6 4. Bg5 dxe4 5. Nxe4 Be7 6. Bxf6 gxf6 7. Nf3 b6 8.
Bc4 Bb7 9. Qe2 c6 10. O-O-O Qc7 11. Nfd2 Nd7 12. Qh5 Nf8 13. Rhe1 Ng6 14. g3
O-O-O 15. c3 Kb8 16. f4 f5 17. Ng5 Bxg5 18. Qxg5 c5 19. dxc5 Qxc5 20. Bb3 b5
21. Qf6 Rd7 22. Nf1 Rc7 23. Qd4 h5 24. h4 Qxd4 25. Rxd4 Ne7 26. Nd2 Rg8 27. Rd3
Nd5 28. Bxd5 Bxd5 29. b3 Rd7 30. Rd1 f6 31. Re1 Bc6 32. Rde3 e5 33. fxe5 fxe5
34. Rxe5 Rxg3 35. Rxf5 Rxc3+ 36. Kb2 Rh3 37. Ne4 Rh2+ 38. Kc3 Rxh4 39. Re5 Bxe4
40. R1xe4 Rxe4 41. Rxe4 Rh7 42. Rh4 Kc7 43. a4 a6 44. axb5 axb5 45. Kb4 Kc6 46.
Rh1 Kb6 47. Rh4 Rh6 48. Ka3 Kc5 49. Kb2 b4 50. Kc2 Rh8 51. Kc1 Kd5 52. Kd2 Kc5
1/2-1/2

[Event "66th Hastings it"]
[Site "Hastings ENG"]
[Date "1991.01.04"]
[Round "7"]
[White "Olafsson, Helgi"]
[WhiteTitle "GM"]
[WhiteElo "2595"]
[Black "King, Daniel John"]
[BlackTitle "GM"]
[BlackElo "2560"]
[Result "1/2-1/2"]
[PlyCount "85"]
[EventDate "1990.12.28"]

1. Nf3 Nf6 2. c4 e6 3. Nc3 d5 4. d4 Be7 5. Bg5 h6 6. Bxf6 Bxf6 7. e3 O-O 8. Rc1
a6 9. a3 dxc4 10. Bxc4 Nd7 11. Ba2 b6 12. Ne4 Bb7 13. Qd3 c5 14. O-O cxd4 15.
exd4 Be7 16. Bb1 g6 17. Qe3 Kg7 18. Ne5 Rc8 19. Rxc8 Qxc8 20. Rc1 Qd8 21. Ng4
Rh8 22. Nc3 Nf6 23. Ne5 Bd6 24. h3 Qe7 25. Ne4 Rd8 26. Nc6 Bxc6 27. Rxc6 Bb8
28. g3 Ba7 29. Nxf6 Qxf6 30. Rc7 Bb8 31. Rb7 b5 32. Kg2 Bd6 33. Ra7 Bf8 34. Ba2
Kg8 35. Rxa6 Rxd4 36. b4 Rd6 37. Ra8 Rd8 38. Ra7 Qd4 39. Qxd4 Rxd4 40. Bb1 Rd2
41. Ra8 Kg7 42. Be4 Be7 43. Kf3 1/2-1/2

[Event "66th Hastings it"]
[Site "Hastings ENG"]
[Date "1991.01.04"]
[Round "7"]
[White "Sax, Gyula"]
[WhiteTitle "GM"]
[WhiteElo "2600"]
[Black "Larsen, Bent"]
[BlackTitle "GM"]
[BlackElo "2545"]
[Result "1/2-1/2"]
[PlyCount "88"]
[EventDate "1990.12.28"]

1. e4 c5 2. Nf3 Nc6 3. d4 cxd4 4. Nxd4 d6 5. Nc3 e6 6. Be3 Nf6 7. f4 Be7 8. Qf3
Bd7 9. O-O-O Nxd4 10. Bxd4 Bc6 11. Bc4 O-O 12. g4 Qc7 13. Bb3 b5 14. g5 Nd7 15.
g6 fxg6 16. Bxe6+ Kh8 17. Rhg1 Bf6 18. Qe3 b4 19. Nd5 Bxd5 20. Bxd5 Rac8 21.
Rg2 a5 22. Be6 Rce8 23. Bxd7 Qxd7 24. e5 Qc6 25. Re2 dxe5 26. fxe5 Be7 27. e6
Rf5 28. Qe4 Qxe4 29. Rxe4 h5 30. c4 Kh7 31. Be3 g5 32. Rd5 Kg6 33. Ree5 Rxe5
34. Rxe5 Bf6 35. Rxa5 Rxe6 36. Kd2 g4 37. Rb5 Bxb2 38. Rg5+ Kf6 39. Rxh5 Be5
40. Kd3 Ra6 41. Ke4 Bc7 42. Rf5+ Ke6 43. Rg5 Rxa2 44. Rxg7 Bxh2 1/2-1/2

[Event "66th Hastings it"]
[Site "Hastings ENG"]
[Date "1991.01.07"]
[Round "9"]
[White "Olafsson, Helgi"]
[WhiteTitle "GM"]
[WhiteElo "2595"]
[Black "Kosten, Anthony Cornelius"]
[BlackTitle "GM"]
[BlackElo "2510"]
[Result "1-0"]
[PlyCount "133"]
[EventDate "1990.12.28"]

1. Nf3 d6 2. d4 Bg4 3. c4 Nd7 4. Qb3 Rb8 5. g3 g6 6. Nbd2 c5 7. e3 Qa5 8. Bg2
Bxf3 9. Bxf3 Bg7 10. Qd3 Ngf6 11. O-O O-O 12. Bg2 b5 13. b3 bxc4 14. Nxc4 Qb5
15. Rd1 Rfc8 16. Bf1 d5 17. Ne5 Qxd3 18. Bxd3 Nxe5 19. dxe5 Nd7 20. f4 e6 21.
e4 c4 22. Bc2 Nb6 23. exd5 exd5 24. Be3 Rd8 25. bxc4 dxc4 26. a4 c3 27. Bb3 Bf8
28. Rxd8 Rxd8 29. a5 Nc8 30. Ra4 Ne7 31. Bxa7 Nc6 32. Bb6 Rb8 33. Bc2 Nb4 34.
Be4 Rc8 35. a6 c2 36. Bxc2 Nxc2 37. a7 Ra8 38. Rc4 Nb4 39. Kg2 Nd5 40. Bf2 Be7
41. Kf3 Bd8 42. Rd4 Ne7 43. Rb4 Nc6 44. Rb7 Ba5 45. Ke4 Rd8 46. Bc5 h5 47. Rd7
Ra8 48. Kd5 Nxa7 49. Bxa7 Rd8 50. Rxd8+ Bxd8 51. Kd6 Ba5 52. Ke7 Bb4+ 53. Kd7
Bd2 54. Bc5 h4 55. Be7 hxg3 56. hxg3 Be3 57. Ke8 Bf2 58. g4 Bg3 59. Bg5 Kg7 60.
Ke7 Bh2 61. Kd6 Bg3 62. Ke7 Bh2 63. Bf6+ Kg8 64. f5 gxf5 65. gxf5 Bg1 66. e6
fxe6 67. fxe6 1-0

[Event "66th Hastings it"]
[Site "Hastings ENG"]
[Date "1991.01.08"]
[Round "10"]
[White "Kosten, Anthony Cornelius"]
[WhiteTitle "GM"]
[WhiteElo "2510"]
[Black "Sax, Gyula"]
[BlackTitle "GM"]
[BlackElo "2600"]
[Result "1-0"]
[PlyCount "125"]
[EventDate "1990.12.28"]

1. e4 c5 2. Nf3 d6 3. d4 cxd4 4. Nxd4 Nf6 5. Nc3 e6 6. f4 Nc6 7. Nf3 Qb6 8. Bd3
g6 9. Qe2 Bg7 10. Nb5 O-O 11. Be3 Qd8 12. O-O-O a6 13. Nxd6 Qxd6 14. e5 Qc7 15.
exf6 Bxf6 16. Kb1 Nb4 17. Be4 Nd5 18. Bxd5 exd5 19. Ne5 Bf5 20. Rxd5 Rac8 21.
Rc1 Rfd8 22. Rc5 Qd6 23. Rxc8 Rxc8 24. g4 Be4 25. Bd2 Qd5 26. Bc3 Bxe5 27. Bxe5
Bf3 28. Qe3 Bxg4 29. b3 Bf5 30. Bc3 Qe4 31. Qd2 Re8 32. Kb2 Qe3 33. Qd6 Qe7 34.
Qd4 f6 35. Re1 Be4 36. h4 Qe6 37. Rxe4 Qxe4 38. Qxf6 Re7 39. Be5 Rd7 40. Qh8+
Kf7 41. Qxh7+ Ke6 42. Qg8+ Ke7 43. h5 gxh5 44. Qg5+ Ke8 45. Qxh5+ Rf7 46. Qg4
Qd5 47. a4 Kd8 48. Qe2 Rxf4 49. Bxf4 Qd4+ 50. Kc1 Qxf4+ 51. Qd2+ Qxd2+ 52. Kxd2
b6 53. Kd3 Kc7 54. Kd4 Kd6 55. b4 Kc6 56. c4 a5 57. b5+ Kd6 58. c5+ bxc5+ 59.
Kc4 Kc7 60. Kxc5 Kb7 61. Kd5 Kc7 62. Ke6 Kb8 63. Kd6 1-0

[Event "66th Hastings it"]
[Site "Hastings ENG"]
[Date "1991.01.09"]
[Round "11"]
[White "Bareev, Evgeny"]
[WhiteTitle "GM"]
[WhiteElo "2605"]
[Black "Speelman, Jonathan Simon"]
[BlackTitle "GM"]
[BlackElo "2605"]
[Result "1-0"]
[PlyCount "77"]
[EventDate "1990.12.28"]

1. d4 d5 2. c4 dxc4 3. e4 Nc6 4. Nf3 Bg4 5. Bxc4 e6 6. Bb5 Nge7 7. Nbd2 Qd6 8.
a3 a6 9. Be2 O-O-O 10. Nc4 Qd7 11. Nce5 Nxe5 12. Nxe5 Bxe2 13. Qxe2 Qe8 14. O-O
f6 15. Nf3 Qb5 16. Qc2 Nc6 17. Rd1 Qh5 18. Bf4 Bd6 19. d5 exd5 20. Rxd5 Ne5 21.
Bxe5 Bxe5 22. Rc5 Rd7 23. Rc1 Rhd8 24. h3 b6 25. Rc6 Bf4 26. Re1 Kb7 27. a4 Qe8
28. b4 Rd1 29. Rxc7+ Bxc7 30. Rxd1 Rxd1+ 31. Qxd1 Qxe4 32. b5 axb5 33. axb5 Qc4
34. Nd4 Qd5 35. Qa4 Be5 36. Nc6 Bd6 37. Qa7+ Kc8 38. Qa8+ Kd7 39. Qd8+ 1-0

[Event "66th Hastings it"]
[Site "Hastings ENG"]
[Date "1991.01.09"]
[Round "11"]
[White "King, Daniel John"]
[WhiteTitle "GM"]
[WhiteElo "2560"]
[Black "Chandler, Murray Graham"]
[BlackTitle "GM"]
[BlackElo "2560"]
[Result "1/2-1/2"]
[PlyCount "82"]
[EventDate "1990.12.28"]

1. c4 c5 2. g3 Nf6 3. Bg2 d5 4. cxd5 Nxd5 5. Nc3 Nc7 6. Nf3 Nc6 7. Qa4 Bd7 8.
Qe4 g6 9. Ne5 Bg7 10. Nxd7 Qxd7 11. O-O O-O 12. a3 Rac8 13. b4 cxb4 14. axb4
Nb5 15. Qb1 Ncd4 16. Re1 Nxc3 17. dxc3 Rxc3 18. Ra2 Rfc8 19. Bb2 Nb5 20. Bxc3
Nxc3 21. Qb3 Nxa2 22. Qxa2 a6 23. Rb1 e6 24. Be4 Bd4 25. e3 Bf6 26. b5 axb5 27.
Qe2 Rc4 28. Bxb7 Rc5 29. Ba6 b4 30. Rxb4 Rc1+ 31. Kg2 Qc6+ 32. e4 Rc2 33. Qb5
Qxb5 34. Bxb5 Rd2 35. Kf1 Kg7 36. Rb3 Bd4 37. Be2 Ra2 38. f4 Rc2 39. h4 h6 40.
e5 Ra2 41. Rd3 Bc5 1/2-1/2

[Event "66th Hastings it"]
[Site "Hastings ENG"]
[Date "1991.01.09"]
[Round "11"]
[White "Larsen, Bent"]
[WhiteTitle "GM"]
[WhiteElo "2545"]
[Black "Kosten, Anthony Cornelius"]
[BlackTitle "GM"]
[BlackElo "2510"]
[Result "1/2-1/2"]
[PlyCount "78"]
[EventDate "1990.12.28"]

1. e4 e6 2. d4 d5 3. Nc3 Bb4 4. exd5 exd5 5. Bd3 Nc6 6. Nf3 Bg4 7. O-O Nge7 8.
Ne2 Bxf3 9. gxf3 Bd6 10. c3 Qd7 11. Ng3 h5 12. Re1 O-O-O 13. Qc2 g6 14. Kg2 h4
15. Nf1 Rdg8 16. h3 Nd8 17. Ne3 f5 18. c4 Ne6 19. Nxd5 Nxd4 20. Qc3 c5 21. b4
Nec6 22. b5 Ne5 23. f4 Nef3 24. Be3 g5 25. Bxd4 cxd4 26. Qa5 Nxe1+ 27. Rxe1
gxf4+ 28. Kf1 Kb8 29. b6 a6 30. Nf6 Qg7 31. Qxf5 Qg2+ 32. Ke2 Rg5 33. Nd7+ Ka8
34. Qe6 Qc6 35. Be4 Re5 36. Nxe5 Qxe4+ 37. Kf1 Qh1+ 38. Ke2 Qe4+ 39. Kf1 Qh1+
1/2-1/2

[Event "66th Hastings it"]
[Site "Hastings ENG"]
[Date "1991.01.09"]
[Round "11"]
[White "Sax, Gyula"]
[WhiteTitle "GM"]
[WhiteElo "2600"]
[Black "Olafsson, Helgi"]
[BlackTitle "GM"]
[BlackElo "2595"]
[Result "1-0"]
[PlyCount "63"]
[EventDate "1990.12.28"]

1. e4 c5 2. Nf3 d6 3. d4 cxd4 4. Nxd4 Nf6 5. Nc3 a6 6. f4 Nbd7 7. Be2 e5 8. Nb3
Be7 9. g4 h6 10. Rg1 Qb6 11. Rg2 exf4 12. Bxf4 Nxe4 13. Nxe4 Qb4+ 14. Nbd2 Ne5
15. c3 Qb6 16. Nc4 Nxc4 17. Bxc4 O-O 18. Qd4 Qxd4 19. cxd4 d5 20. Bxd5 Rd8 21.
Nc3 Bb4 22. Bf3 Rxd4 23. Bd2 Be6 24. O-O-O Rad8 25. Bxb7 Bxg4 26. Rdg1 h5 27.
h3 Bxh3 28. Rxg7+ Kh8 29. Be4 f5 30. R7g5 Bg4 31. Bxf5 Rxd2 32. Bxg4 1-0

[Event "66th Hastings it"]
[Site "Hastings ENG"]
[Date "1991.01.11"]
[Round "13"]
[White "Kosten, Anthony Cornelius"]
[WhiteTitle "GM"]
[WhiteElo "2510"]
[Black "Chandler, Murray Graham"]
[BlackTitle "GM"]
[BlackElo "2560"]
[Result "0-1"]
[PlyCount "70"]
[EventDate "1990.12.28"]

1. e4 c5 2. Nf3 e6 3. d4 cxd4 4. Nxd4 Nf6 5. Nc3 Nc6 6. Ndb5 d6 7. Bf4 e5 8.
Bg5 a6 9. Na3 b5 10. Bxf6 gxf6 11. Nd5 Bg7 12. Bd3 Ne7 13. Nxe7 Qxe7 14. O-O
O-O 15. c4 f5 16. Re1 fxe4 17. Bxe4 Rb8 18. cxb5 axb5 19. Qd3 f5 20. Bd5+ Kh8
21. Nxb5 e4 22. Qb3 Be5 23. a4 Bd7 24. Rac1 Qe8 25. Bc4 Qh5 26. h3 Qg6 27. Bd5
Rg8 28. g3 Rg7 29. Rc7 Qh5 30. Rec1 Qxh3 31. R1c3 f4 32. Rxd7 fxg3 33. Rf7 Qh1+
34. Kxh1 g2+ 35. Kg1 Bh2+ 0-1

[Event "66th Hastings it"]
[Site "Hastings ENG"]
[Date "1991.01.11"]
[Round "13"]
[White "Sax, Gyula"]
[WhiteTitle "GM"]
[WhiteElo "2600"]
[Black "King, Daniel John"]
[BlackTitle "GM"]
[BlackElo "2560"]
[Result "1/2-1/2"]
[PlyCount "35"]
[EventDate "1990.12.28"]

1. e4 e6 2. d4 d5 3. Nc3 Nf6 4. e5 Nfd7 5. Nce2 c5 6. c3 Nc6 7. f4 b5 8. Nf3 b4
9. cxb4 Nxb4 10. Nc3 Be7 11. Bb5 a5 12. a3 Na6 13. O-O O-O 14. Be3 Nb6 15. dxc5
Nxc5 16. b4 Na6 17. Nd4 Bd7 18. bxa5 1/2-1/2